000 00987nam a2200229 i 4500
001 43235
003 ES-MaACL
005 20240224062531.0
007 t|
008 030317s1916 sp |||| | spa d
100 1 _aCervantes Saavedra, Miguel de,
_d1547-1616
_9226514
240 0 0 _aNovelas ejemplares
245 1 0 _aNovelas ejemplares /
_cde Miguel de Cervantes Saavedra ; edición de la Real Academia Hispano Americana de Cádiz ; prólogo de Blanca de los Ríos.
260 _aCádiz :
_bReal Academia Hispanoamericana de Cádiz,
_c1916 (
_fImp. de Manuel Álvarez)
300 _aXXI p., 5 h. (facsímiles de firmas), 448 p ;
_c23 cm.
500 _aPort. filda., con el último ret. de Cervantes, tit. a 2 tintas, exº de la Academia al fin en rojo.
700 1 _aRíos, Blanca de los,
_d1859-1956
_997357
710 2 _aReal Academia Hispanoamericana (Cádiz)
_96343
852 _aES-MaACL
_jB-1620
_xEjemplar n. 93, de una tirada de 300
942 _2udc
999 _c43235
_d43235